MARC details
| 000 -LEADER |
| fixed length control field |
02358cas a2200565 4500 |
| 001 - CONTROL NUMBER |
| control field |
11242636 |
| 003 - CONTROL NUMBER IDENTIFIER |
| control field |
OSt |
| 005 - DATE AND TIME OF LATEST TRANSACTION |
| control field |
20240810020004.0 |
| 008 - FIXED-LENGTH DATA ELEMENTS--GENERAL INFORMATION |
| fixed length control field |
810508c19569999ug ar w 0 a0eng |
| 010 ## - LIBRARY OF CONGRESS CONTROL NUMBER |
| LC control number |
80647533 |
| 022 ## - INTERNATIONAL STANDARD SERIAL NUMBER |
| International Standard Serial Number |
2220-5101 |
| 035 ## - SYSTEM CONTROL NUMBER |
| System control number |
(OCoLC)ocm07403485 |
| 040 ## - CATALOGING SOURCE |
| Original cataloging agency |
KABLIB |
| Language of cataloging |
eng |
| Transcribing agency |
KABLIB |
| Modifying agency |
NST |
| -- |
MUL |
| -- |
HVL |
| -- |
INU |
| -- |
OCLCQ |
| -- |
OCLCF |
| -- |
OCLCQ |
| -- |
OCLCA |
| 042 ## - AUTHENTICATION CODE |
| Authentication code |
pcc |
| 043 ## - GEOGRAPHIC AREA CODE |
| Geographic area code |
f-ug--- |
| 050 00 - LIBRARY OF CONGRESS CALL NUMBER |
| Classification number |
LAW |
| 050 #4 - LIBRARY OF CONGRESS CALL NUMBER |
| Classification number |
KTW2.23.A2 |
| Item number |
U4 |
| 082 0# - DEWEY DECIMAL CLASSIFICATION NUMBER |
| Classification number |
348 |
| Edition number |
23 |
| Item number |
UGA |
| 110 1# - MAIN ENTRY--CORPORATE NAME |
| Corporate name or jurisdiction name as entry element |
Uganda. |
| Subordinate unit |
High Court. |
| 9 (RLIN) |
11755 |
| 222 #4 - KEY TITLE |
| Key title |
The Uganda law reports |
| 245 14 - TITLE STATEMENT |
| Title |
The Uganda law reports. |
| 246 1# - VARYING FORM OF TITLE |
| Display text |
Cited as: |
| Title proper/short title |
U.L.R. |
| 260 ## - PUBLICATION, DISTRIBUTION, ETC. |
| Place of publication, distribution, etc. |
Entebbe, |
| Name of publisher, distributor, etc. |
Govt. Printer. |
| 260 2# - PUBLICATION, DISTRIBUTION, ETC. |
| Materials specified |
1956/1957- : |
| Place of publication, distribution, etc. |
Oxford, |
| Name of publisher, distributor, etc. |
African Law Reports |
| 260 2# - PUBLICATION, DISTRIBUTION, ETC. |
| Materials specified |
<1971-1972>: |
| Place of publication, distribution, etc. |
Kampala, Uganda, |
| Name of publisher, distributor, etc. |
Law Development Centre |
| 260 3# - PUBLICATION, DISTRIBUTION, ETC. |
| Materials specified |
<2008->: |
| Place of publication, distribution, etc. |
Kampala, Uganda, |
| Name of publisher, distributor, etc. |
LDC Publishers; |
| -- |
LawAfrica Pub. (U) Ltd. |
| 300 ## - PHYSICAL DESCRIPTION |
| Extent |
volumes |
| Dimensions |
25 cm |
| 310 ## - CURRENT PUBLICATION FREQUENCY |
| Current publication frequency |
Annual |
| 336 ## - CONTENT TYPE |
| Content type term |
text |
| Content type code |
txt |
| Source |
rdacontent |
| 337 ## - MEDIA TYPE |
| Media type term |
unmediated |
| Media type code |
n |
| Source |
rdamedia |
| 338 ## - CARRIER TYPE |
| Carrier type term |
volume |
| Carrier type code |
nc |
| Source |
rdacarrier |
| 362 1# - DATES OF PUBLICATION AND/OR SEQUENTIAL DESIGNATION |
| Dates of publication and/or sequential designation |
Began with vol. 7 (1952-1956). |
| 515 ## - NUMBERING PECULIARITIES NOTE |
| Numbering peculiarities note |
Issued in 2 or more pts., <1971-1972> |
| 550 ## - ISSUING BODY NOTE |
| Issuing body note |
"Reports of selected cases decided by the High Court of Uganda during the years ...," 1952/1956. |
| 550 ## - ISSUING BODY NOTE |
| Issuing body note |
Covers decisions of the East African Court of Appeal on appeal from Uganda and decisions of the High Court of Uganda, <1971-1972> |
| 550 ## - ISSUING BODY NOTE |
| Issuing body note |
"Judgments and orders of the Supreme Court of Uganda, the Court of Appeal of Uganda, the Constitutional Court of Uganda, and the High Court of Uganda," <2008-> |
| 588 ## - SOURCE OF DESCRIPTION NOTE |
| Source of description note |
Latest issue consulted: 2008. |
| 590 ## - LOCAL NOTE (RLIN) |
| Local note |
SERBIB/SERLOC merged record |
| 650 #0 - SUBJECT ADDED ENTRY--TOPICAL TERM |
| Topical term or geographic name entry element |
Law reports, digests, etc. |
| Geographic subdivision |
Uganda. |
| 9 (RLIN) |
11768 |
| 650 #7 - SUBJECT ADDED ENTRY--TOPICAL TERM |
| Topical term or geographic name entry element |
Law reports, digests, etc. |
| Source of heading or term |
fast |
| Authority record control number or standard number |
(OCoLC)fst00994106 |
| 9 (RLIN) |
11769 |
| 651 #7 - SUBJECT ADDED ENTRY--GEOGRAPHIC NAME |
| Geographic name |
Uganda. |
| Source of heading or term |
fast |
| Authority record control number or standard number |
(OCoLC)fst01210282 |
| 9 (RLIN) |
11770 |
| 710 2# - ADDED ENTRY--CORPORATE NAME |
| Corporate name or jurisdiction name as entry element |
Court of Appeal for East Africa. |
| 9 (RLIN) |
11759 |
| 710 1# - ADDED ENTRY--CORPORATE NAME |
| Corporate name or jurisdiction name as entry element |
Uganda. |
| Subordinate unit |
Supreme Court. |
| 9 (RLIN) |
11760 |
| 710 2# - ADDED ENTRY--CORPORATE NAME |
| Corporate name or jurisdiction name as entry element |
Law Development Centre. |
| 9 (RLIN) |
11761 |
| 776 08 - ADDITIONAL PHYSICAL FORM ENTRY |
| Relationship information |
Online version: |
| Main entry heading |
Uganda. High Court. |
| Title |
Uganda law reports |
| Record control number |
(OCoLC)705816505 |
| 780 00 - PRECEDING ENTRY |
| Main entry heading |
Uganda. High Court. |
| Title |
Law reports, containing cases determined by the High Court of Uganda |
| Record control number |
(OCoLC)174054023 |
| 906 ## - LOCAL DATA ELEMENT F, LDF (RLIN) |
| a |
7 |
| b |
cbc |
| c |
serials |
| d |
4 |
| e |
ncip |
| f |
19 |
| g |
n-oclcserc |
| 942 ## - ADDED ENTRY ELEMENTS (KOHA) |
| Source of classification or shelving scheme |
Dewey Decimal Classification |
| Koha item type |
Book |
| Koha issues (borrowed), all copies |
1 |